Využitelnost modelu MCPM v investičním controlingu

Úloha investičného controlingu. Výber alternatív v procese investičného rozhodovania. Metódy investičných prepočtov. Model CAMP a model MCPM pri hodnotení efektívnosti investícií.

Gespeichert in:
Bibliographische Detailangaben
1. Verfasser: Nývltová, Romana
Format: Buchkapitel
Sprache:Tschechisch
Schlagworte:
Tags: Tag hinzufügen
Keine Tags, Fügen Sie das erste Tag hinzu!

MARC

LEADER 00000naa$a2200000$$$4500
001 0054448
005 20230509081340.9
041 0 |a cze 
044 |a CZ 
245 1 0 |a Využitelnost modelu MCPM v investičním controlingu  |c Romana Nývltová 
520 |a Úloha investičného controlingu. Výber alternatív v procese investičného rozhodovania. Metódy investičných prepočtov. Model CAMP a model MCPM pri hodnotení efektívnosti investícií. 
610 2 0 |a kontroling 
610 2 0 |a model CAPM 
610 2 0 |a modely 
610 2 0 |a rozhodovanie investičné 
610 2 0 |a efektívnosť investícií 
610 2 0 |a akcie 
100 1 |a Nývltová, Romana